| 000 | 00517nam a2200193 4500 | ||
|---|---|---|---|
| 999 |
_c12896 _d12896 |
||
| 003 | PK-NaQUE | ||
| 005 | 20260326110255.0 | ||
| 008 | 260326b ||||| |||| 00| 0 eng d | ||
| 020 | _a0810408880 | ||
| 020 | _a9780810408883 | ||
| 040 | _cQUEST | ||
| 082 | _a621.381WIL | ||
| 100 | _aValkenburgh, Van | ||
| 245 | _aBasic Electronics: Vol 4 | ||
| 260 |
_aLahore: _bSarhat Printing, _c1979. |
||
| 650 | _aElectronics | ||
| 856 |
_uhttp://10.10.170.122:8080/browse/book/29409 _yDownload eBook |
||
| 942 |
_cBK _2ddc |
||